000 00338 a2200157 4500
001 45288
020 _a9788575037614
040 _cAnchieta - Aquarius
100 _aDuda, Christian
240 1 0 _aTodos os patinhos
_lpor
245 1 0 _aTodos os patinhos
300 _a
362 0 _a2009
650 4 _aLiteratura infantil
942 _cBK
999 _c45288
_d45288